LEADER 02469nam 2200625 450 001 9910554257503321 005 20230629233316.0 010 $a3-11-063102-4 010 $a3-11-063159-8 024 7 $a10.1515/9783110631593 035 $a(CKB)5590000000532531 035 $a(DE-B1597)506718 035 $a(DE-B1597)9783110631593 035 $a(MiAaPQ)EBC6697119 035 $a(Au-PeEL)EBL6697119 035 $a(OCoLC)1263872348 035 $a(OCoLC)1259447499 035 $a(EXLCZ)995590000000532531 100 $a20220426d2021 uy 0 101 0 $aeng 135 $aur||#|||||||| 181 $ctxt$2rdacontent 182 $cc$2rdamedia 183 $acr$2rdacarrier 200 10$a¹H NMR handbook of natural products$hVolume 4$iMonoterpenoids and sesquiterpenoids. /$fHailin Qin and Dequan Yu 210 1$aBerlin, Germany :$cDe Gruyter,$d[2021] 210 4$d©2021 215 $a1 online resource (VIII, 358 p.) 225 0 $a¹H NMR Handbook of Natural Products ;$vVolume 4 311 $a3-11-063078-8 327 $tFrontmatter --$tContents --$tList of Participants --$t8 Monoterpenoids --$t9 Sesquiterpenoids --$tIndex of compound names --$tIndex of molecular formula of compounds 330 $aThis 6 volume set presents a groundbreaking resource in this branch of natural organic compounds and demonstrates how proton nuclear magnetic resonance (NMR) spectroscopy can be manipulated in structures of natural organic compounds. The book covers 17 kinds amounting to over 10,000 natural organic compounds. The 4th volume mainly illustrates the molecular formula and structures of monoterpenoids, sesquiterpenoids, and diterpenoids. 517 0 $a1H NMR handbook of natural products. 606 $aTerpenes$xAnalysis 606 $aSesquiterpenes$xAnalysis 606 $aNuclear magnetic resonance spectroscopy 610 $aAnalytical Chemistry. 610 $aMonoterpenoids. 610 $aNMR Spectroscopy. 610 $aNMR. 610 $aNatural Products. 610 $aSesquiterpenoids. 615 0$aTerpenes$xAnalysis. 615 0$aSesquiterpenes$xAnalysis. 615 0$aNuclear magnetic resonance spectroscopy. 676 $a661.806 700 $aQin$b Hailin$01217481 702 $aYu$b Dequan$f1932- 801 0$bMiAaPQ 801 1$bMiAaPQ 801 2$bMiAaPQ 906 $aBOOK 912 $a9910554257503321 996 $aH NMR handbook of natural products$92836476 997 $aUNINA LEADER 01410nam0 22003491i 450 001 UON00494379 005 20231205105346.398 010 $a25-03-36047-5 100 $a20190506d1986 |0itac50 ba 101 $afre 102 $aBE 105 $a|||| ||||| 200 1 $aˆLe ‰costume civil$fpar Mireille Madou$gtraduit du néerlandais par Marnix Vincent 210 $aTurnhout$cBrepols$d1986 215 $a64 p.$d24 cm. 311 $aB-I.C.2*$9UON00252611 316 $aDono Prof. Alberto Varvaro.$5IT-UONSI F. Varvaro1178 410 0$1001UON00252611$12001 $aTypologie des Sources du Moyen Age Occidental$v47 B-I.C.2* 606 $aMedioevo$xCiviltà$3UONC047504$2FI 606 $aStoria medievale$xFonti$3UONC094937$2FI 620 $aBE$dTurnhout$3UONL001236 676 $a909.01$cSTORIA MEDIEVALE$v21 676 $a391.00902$cSTORIA DEL COSTUME E TENUTA PERSONALE NEL MEDIOEVO$v22 700 1$aMADOU$bMireille$3UONV241651$0153692 702 1$aVINCENT$bMarnix$3UONV241650 712 $aBrepols$3UONV247627$4650 801 $aIT$bSOL$c20250613$gRICA 899 $aSIBA - SISTEMA BIBLIOTECARIO DI ATENEO$2UONSI 912 $aUON00494379 950 $aSIBA - SISTEMA BIBLIOTECARIO DI ATENEO$dSI F. Varvaro1178 $eSI 29169 7 Dono Prof. Alberto Varvaro. 996 $aCostume civil$9479648 997 $aUNIOR